00459nam a2200121Ia 4500008004100000082001800041100002300059245011200082260001800194300001100212500006500223650004900288120622s9999 xx 000 0 und d a658.403 R469i aRheault, Jean Paul aIntroducción a la teoría de las decisiones : con aplicaciones a la administración / Jean Paul Rheault a[s.l. : s.n.] a212 p. aSin portada \ Incluye bibliografía e índice alfabético a1. TOMA DE DECISIONES \ 2. ADMINISTRACIONÌ